00510nam a2200181 a 4500001001300000003000900013005001700022008004100039020002400080082001500104100002200119245006400141260003200205300000900237500003500246505002400281650002300305nice12345678IN_TiNIC20260116014048.0100329s1986 chia grp 000 0 eng  a9780802429162c120000a220.6bGEI aGeisler, L Norman aAn General Introduction to the Bibleb Revised and Expanded aChicagobMoody Press c1986 a724p aincludes index and biblioraphy2 aBibliography, Index aBible-Introduction